Diccionario de la literatura chilena
Zapisane w:
| 1. autor: | |
|---|---|
| Format: | Książka |
| Język: | hiszpański |
| Wydane: |
Santiago
Andrés Bello
1984
|
| Wydanie: | 2a. ed |
| Hasła przedmiotowe: | |
| Etykiety: |
Dodaj etykietę
Nie ma etykietki, Dołącz pierwszą etykiete!
|
MARC
| LEADER | 00000nam a2200000 a 4500 | ||
|---|---|---|---|
| 001 | UCX5127 | ||
| 003 | CL-VaPUC | ||
| 008 | 920923e19840000CL |||||||||||||||||spa|d | ||
| 082 | 0 | 4 | |a 928 |b SZM |2 21 |
| 100 | 0 | |a Szmulewicz, Efrain |e author |9 321450 | |
| 245 | 1 | 0 | |a Diccionario de la literatura chilena |
| 250 | |a 2a. ed | ||
| 300 | |a 494 p | ||
| 942 | |c BK | ||
| 945 | |d 19920923 00:00:00 | ||
| 260 | |a Santiago |b Andrés Bello |c 1984 | ||
| 650 | 0 | |a Literatura chilena |x Autores |9 313893 | |
| 650 | 0 | |a Diccionarios |9 256200 | |
| 650 | 0 | |a Literatura chilena |9 308278 | |
| 583 | |a last modification |c 19920923 00:00:00 |k Rodrigo Vera | ||
| 999 | |c 225457 |d 225455 | ||
| 952 | |0 0 |1 0 |4 0 |6 928_000000000000000_SZM_1984 |7 0 |8 X |9 222977 |a BIBEDU |b BIBEDU |d 2019-11-15 |i 2918013 |o 928 SZM 1984 |p 2918013 |r 2023-01-13 |w 2019-11-15 |y BK_X |k LIT | ||